000 00533nam a2200193Ia 4500
999 _c1782
_d1782
003 OSt
005 20210121110557.0
008 190216s9999||||xx |||||||||||||| ||und||
020 _a9780070139190
040 _coclc
082 _a576.5
_bELR/G
100 _aElrod, Susan L
_98321
245 0 _aGenetics /
_cSusan L Elrod
250 _a4th Ed.
260 _bTata Mcgraw Hill Publishing Company Ltd,
_c2009.
_aNew Delhi:
300 _a559p
650 _aBotany
942 _cBK
_2ddc
_h576.5
_iELR/G
_k576.5
_mELR/G